|
|
|
|
| LEADER |
00851cam a2200169 7i4500 |
| 001 |
0000140906 |
| 005 |
20081106090000.0 |
| 002 |
0000005987 |
| 090 |
0 |
0 |
|a LP 8 FPE 1 2007
|
| 100 |
0 |
# |
|a Dhiya Fauzani Razali
|
| 245 |
1 |
0 |
|a Laporan praktikum kaunseling di Sekolah Tunas Bakti Sungai Lereh, Melaka
|c Dhiya Fauzani Razali.
|
| 260 |
# |
# |
|a Terengganu:
|b Universiti Malaysia Terengganu,
|c 2007.
|
| 300 |
|
|
|a 89 p.;
|c 30 cm..
|
| 502 |
# |
# |
|a Laporan Praktikum FPE (Sarjana Muda Kaunseling) 2007
|
| 520 |
3 |
# |
|a Sekolah ini adalah dibawah jagaan Jabatan Kebajikan Masyarakat Melaka iaitu kumpulan sasarnya terdiri daripada Kanak-kanak (Mengikut tafsiran Akta Kanak-kanak 2001). Sekolah ini merupakan Institusi Pemulihan Akhlak bagi kanak-kanak yang berumur 10hun hingga 18 tahun
|
| 602 |
# |
# |
|a Latihan Industri FPE 2007
|
| 999 |
|
|
|a 1100053874
|b Book
|c Latihan Industri
|e KOLEKSI KHAS
|